Outline of american literature (Record no. 6210)

MARC details
000 -LEADER
fixed length control field 00480nam a22001457a 4500
003 - CONTROL NUMBER IDENTIFIER
control field OSt
005 - DATE AND TIME OF LATEST TRANSACTION
control field 20251125103137.0
008 - FIXED-LENGTH DATA ELEMENTS--GENERAL INFORMATION
fixed length control field 251125b |||||||| |||| 00| 0 eng d
040 ## - CATALOGING SOURCE
Original cataloging agency DWC-Main lib
Transcribing agency OC
082 ## - DEWEY DECIMAL CLASSIFICATION NUMBER
Classification number Circ. 810.9 V281 1994
245 ## - TITLE STATEMENT
Title Outline of american literature
260 ## - PUBLICATION, DISTRIBUTION, ETC.
Place of publication, distribution, etc. United states Department of State,
Date of publication, distribution, etc. c1994
300 ## - PHYSICAL DESCRIPTION
Extent 124 p. :
Other physical details illustration :
Dimensions 21 cm.
942 ## - ADDED ENTRY ELEMENTS (KOHA)
Source of classification or shelving scheme Dewey Decimal Classification
Koha item type Book Circulation
Classification part Circ. 810.9 V281 1994
Call number prefix Circ.
Suppress in OPAC No
952 ## - LOCATION AND ITEM INFORMATION (KOHA)
--
Holdings
Withdrawn status Lost status Source of classification or shelving scheme Damaged status Not for loan Home library Current library Shelving location Date acquired Source of acquisition Total Checkouts Full call number Barcode Date last seen Copy number Price effective from Koha item type Uniform Resource Identifier
    Dewey Decimal Classification     College Library College Library Circulation 09/14/2005 School Fund   Circ. 810.9 V281 1994 CL42424 11/25/2025 c1 11/25/2025 BK-CIRC